Bayo (Registro nro. 300552)

Detalles MARC
000 -ENCABEZADO
Número de control [NR] 00932nam a2200253 a 4500
005 - FECHA Y HORA DE LA ÚLTIMA TRANSACCIÓN
control field 20150818113723.0
008 - DE LONGITUD FIJA DE DATOS DE ELEMENTOS - INFORMACIÓN GENERAL
Elementos de longitud fija [NR] 150818s2007 sp o fr 00110 spa d
020 ## - NUMERO INTERNACIONAL NORMALIZADO PARA LIBROS [R]
Número Internacional Normalizado del libro [NR] 9788483067307
040 ## - FUENTE DE CATALOGACION [NR]
Agencia de catalogación original [NR] CO-BoUCM
Idioma de catalogación [NR] spa
Quien Cataloga Sandra Palacio
Quien Clasifica Sandra Palacio
041 0# - CODIGO DE IDIOMA [R]
Código de idioma para texto/pista de sonido o título separado [R] Español
100 1# - ASIENTO PRINCIPAL--NOMBRE PERSONAL [NR]
Nombre personal [NR] Díez, Luis
ID Autoridad 70813
245 10 - MENCION DE TITULO [NR]
Título [NR] Bayo
Parte restante del título [NR] el general que adiestró a la guerrilla de Castro y el Che
Mención de responsabilidad, etc. [NR] Luis Díez
260 ## - PUBLICACION, DISTRIBUCION, ETC. (PIE DE IMPRENTA) [R]
Lugar de publicación, distribución, etc. [R] Barcelona (España)
Nombre del editor, distribuidor, etc. [R] Debate
Fecha de publicación, distribución, etc. [R] 2007
300 ## - DESCRIPCION FISICA [R]
Extensión [R] 286 páginas
Otros detalles físicos [NR] fotografías
504 ## - NOTA DE BIBLIOGRAFIA, ETC. [R]
Nota de bibliografía, etc. [NR] Incluye referencias bibliográficas e índices
600 14 - ASIENTO SECUNDARIO DE MATERIA - NOMBRE PERSONAL [R]
Nombre personal [NR] Bayo Giroud, Alberto
Subdivisión de forma [R] Biografías
9 (RLIN) 70814
650 #7 - ASIENTO SECUNDARIO DE MATERIA - TERMINO TEMATICO [R]
9 (RLIN) 16640
Término temático o nombre geográfico como elemento de entrada [NR] Guerrillas
Subdivisión geográfica [R] Cuba
650 #7 - ASIENTO SECUNDARIO DE MATERIA - TERMINO TEMATICO [R]
9 (RLIN) 19846
Término temático o nombre geográfico como elemento de entrada [NR] Movimientos revolucionarios
Subdivisión geográfica [R] Cuba
650 #7 - ASIENTO SECUNDARIO DE MATERIA - TERMINO TEMATICO [R]
9 (RLIN) 19847
Término temático o nombre geográfico como elemento de entrada [NR] Movimientos sociales
Subdivisión geográfica [R] Cuba
651 #6 - ASIENTO SECUNDARIO DE MATERIA - NOMBRE GEOGRAFICO [R]
Nombre geográfico [NR] Cuba
Subdivisión general [R] Historia
Subdivisión cronológica [R] 1959
9 (RLIN) 70815
690 ## - ASUNTO AGREGADO LOCAL DE ENTRADA - TÉRMINO TEMÁTICO (OCLC, RLIN)
9 (RLIN) 42842
Acceso temático local Historia de América
942 ## - ELEMENTOS DE ENTRADA AGREGADOS (KOHA)
Sistema de clasificación DEWEY
Tema principal Historia
Tipo de ítem principal el descrito en 300a Libro
Edición 1
Clasificación 923.2
Parte restante de la signatura top. D532
Existencias
Total préstamos Signatura topográfica Código de barras Última vez visto Ejemplar Costo de reposición Price effective from Tipo de ítem Perdido Sistema de clasificación Dañado No prestable Tipo de ítem específico Suprimido Ubicación habitual Ubicación actual Localización Fecha de creación Proveedor Forma de adquisición Costo
  923.2 D532 100146758 09/12/2025 Ej.1 26000.00 23/07/2015 Libro   DEWEY     Libro   Claustro Claustro 2do piso 23/07/2015 12 Donación 0.00